000 00647cab a2200229 4500
001 WB3314-80
008 090401t1997 xxu||||| |||| 00| 0 eng d
035 _a(Sirsi) u77672
041 _aeng
245 _aInterest in rural premises returns
260 _c1997
350 _a0
490 _aFarming News
_v4 April 1997, 37(1)
520 _aThere is renewed interest in buying rural houses, cottages and buildings as opposed to just an interest in the land.
650 _aFARMING
650 _aHOUSE MARKET
650 _aPRICE INCREASES
650 _aRURAL DWELLINGS
690 _aRURAL PRACTICE
942 _n0
948 _c09/04/1997
999 _c48824
_d48824